000 00302nam a22001457a 4500
003 SGT
020 _a9788119147519
082 _a658
_bMEH
100 _aMEHTA ASHWINI
245 _aBUSINESS SUSTAINABILITY
250 _a1
260 _aNEW DELHI
_bSS BOOKS
_c2023
300 _a101
942 _2ddc
_cBK
999 _c25192
_d25192